| 000 | 00559nam a2200193Ia 4500 | ||
|---|---|---|---|
| 003 | GCL | ||
| 008 | 140319s9999 xx 000 0 ara d | ||
| 040 |
_aGCL / _cGCL |
||
| 082 | 0 | 4 |
_a322.44 _bع ك |
| 245 | 1 | 0 | _aكيف يسخر المصريون من حكامهم |
| 300 | _a257 ص | ||
| 490 |
_aالنكتة السياسية _v0 |
||
| 650 | 0 | 4 | _aمصر |
| 650 | 0 | 4 | _aرؤساء الجمهورية |
| 650 | 0 | 4 | _aالحكام والقادة |
| 650 | 0 | 4 | _aالنكت والاهاجى |
| 650 | 0 | 4 | _aمصر - الاحوال السياسية |
| 942 |
_2ddc _cBK |
||
| 999 |
_c38065 _d38065 |
||